Kansas Basketball Players - Statistics

General Stats
  • This quiz has been taken 128 times
    89 since last reset
  • The average score is 6 of 27
Answer Stats
Hint Answer % Correct
2008 PG Mario Chalmers
66%
1998 F Paul Pierce
59%
1989 F/C Danning Manning
50%
2011 F Marcus Morris
47%
2011 F Markieff Morris
47%
2005 C Nick Collison
39%
2010 G Sherron Collins
33%
2012 G Tyshawn Taylor
26%
2009 F Brandon Rush
24%
2003 F Drew Gooden
24%
1996 C Greg Ostertag
23%
1998 C Scott Pollard
21%
1960 C Wilt Chamberlain
20%
1998 G Jacque Vaughn
17%
2007 F Julian Wright
16%
1970 G JO JO White
14%
2011 G Josh Selby
14%
2010 G Xavier Henry
10%
1954 F/C Clyde Lovellette
9%
2009 F Darrell Arthur
9%
1982 G Darnell Valentine
7%
1967 C Walt Wesley
4%
2001 C Cole Aldrich
3%
2004 G Kirk Henrich
3%
1999 F/C Raef Lafrentz
1%
2006 F Wayne Simien
1%
2012 F Thomas Robinsion
0%
No matching quizzes found
Score Distribution
Percent of People with Each Score
Percentile by Number Answered
Your Score History
You have not taken this quiz since the last reset